01115 am a2200277 a 450000500170000000800410001702000150005804100080007324500970008125001160017826000390029430000170033365300330035065300500038365300520043365300720048565300750055765300320063265300140066465300190067865300190069765300180071670000280073470000290076270000460079120240610084103.0100311s2003||||mx d f |||| 001 0 spa d a9701038819 aspa aGoodman&Gilman. Las bases farmacológicas de la terapéutica. T.2. cJoel G. Hardman [ed.] a10a ed. en españolbTraducción José Rafael Blengio Pinto; Bernardo Rivera Muñoz y Guillermo Di Girolamo aMéxico : bMcGraw-Hill , c2003. a1073-2150 p. aQuimioterapia de parásitos aQuimioterapia de las enfermedades microbianas aQuimioterapia de las enfermedades neoplásicas aFármacos utilizados para inmunorregulación (inmunomodulación) aFármacos con acción en la sangre y los órganos hematopoyéticos aHormonas y sus antagonistas aVitaminas aDermatología aOftalmología aToxicología1 aLimbird, Lee E.eEditor1 aHardman, Joel G.eEditor1 aGoodman Gilman, Alfred.eEditor consultor